| 000 | 01013nam a22002415a 4500 | ||
|---|---|---|---|
| 003 | OSt | ||
| 005 | 20170316114925.0 | ||
| 008 | 170316s2013 ua a gr 000 0aara d | ||
| 015 | _a2012 / 22026 | ||
| 040 |
_aEG-ScBUE _bara _cEG-ScBUE |
||
| 082 | 0 | 4 |
_a270.092 _bش ن و _222 |
| 100 | 0 |
_aشنودة _bالثالث، _cالبابا، _d2012-1923. |
|
| 245 | 1 | 0 |
_aهكذا عاش ... وهكذا تكلم : _bحكاية العمر كما رواها مثلث الرحمات قداسة البابا شنوده الثالث. |
| 250 | _aط. 2. | ||
| 260 |
_aالقاهرة : _bالمركز الثقافي القبطي الأرثوذكسي، _c2013. |
||
| 300 |
_a152 ص. : _bإيض. (لو) ؛ _c24 سم. |
||
| 541 | _aإهداء من المركز الثقافي القبطي الأرثوذكسي. | ||
| 600 | 0 | 7 |
_aشنودة _bالثالث، _cالبابا، _d2012-1923 _vسيرة ذاتية. _2BUEsh |
| 650 | 7 |
_aالمسيحيون _vتراجم. _2BUEsh |
|
| 651 | _2BUEsh | ||
| 653 |
_bGGEN _cMarch2017 |
||
| 942 | _2ddc | ||
| 999 |
_c24443 _d24415 |
||